000 01246nam a22003977a 4500
001 BR2017000388
003 BR-BrBNA
005 20230928105035.0
007 ta
008 230509b bl.||||| |||| 00| 0 por d
040 _aBR-BrBNA
_bpor
_cBiblioteca Nacional de Agricultura
041 _a(Por)
072 _aE14; P10
090 _ E14 BR2017000388
100 1 _aRocha, A.P.T.
100 1 _aAbreu, B.S. de
100 1 _aFurtado, D.A.
100 1 _aBaracuhy, J.G. de V.
100 1 _aSantos, R.T. dos
100 1 _aFernandes Neto, S.
110 1 _aUniversidade Federal de Campina Grande, PB (Brasil)
_910782
110 1 _aConselho Nacional de Desenvolvimento Científico e Tecnológico, Campina Grande, PB (Brasil)
245 1 _aManejo ecológico integrado de bacias hidrográficas no semiárido brasileiro
250 1 _a1. ed.
260 3 _aCampina Grande, PB (Brasil):
_c2011-2012.
300 _av.1-2
500 _aIncludes several bibliographies; 90 illus.; 99 tables
650 _aDESENVOLVIMENTO SUSTENTÁVEL
650 _aBACIA HIDROGRÁFICA
650 _aMEIO AMBIENTE
650 _aECOLOGIA
650 _aRECURSO MINERAL
650 _aGESTÃO
909 _a202309
_bLucia
_c55
_dLucia Elande
942 _cBK
999 _c83083
_d83083